Analytical and numerical aspects of partial differential equations : (Record no. 15957)

000 -LEADER
fixed length control field 01342cam a22002777a 4500
020 ## - INTERNATIONAL STANDARD BOOK NUMBER
ISBN 9783110204476 (alk. paper)
020 ## - INTERNATIONAL STANDARD BOOK NUMBER
ISBN 3110204479 (alk. paper)
040 ## - CATALOGING SOURCE
Transcribing agency YDXCP
082 04 - DEWEY DECIMAL CLASSIFICATION NUMBER
Classification number 515 WAL 2009 A081 Or.
245 00 - TITLE STATEMENT
Title Analytical and numerical aspects of partial differential equations :
Remainder of title notes of a lecture series /
260 ## - PUBLICATION, DISTRIBUTION, ETC. (IMPRINT)
Place of publication Berlin ;
-- New York :
Name of publisher Walter De Gruyter,
Year of publication c2009.
300 ## - PHYSICAL DESCRIPTION
Number of Pages 290 p. :
Other physical details ill. ;
Dimensions 25 cm.
500 ## - GENERAL NOTE
General note "This book grew out of a series of lectures at the Technische Universität Berlin held by young mathematicians from France ... during the academic years 2007-2009"--Pref.
650 #0 - SUBJECT ADDED ENTRY--TOPICAL TERM
Topical Term Differential equations, Partial.
650 07 - SUBJECT ADDED ENTRY--TOPICAL TERM
Topical Term Partielle Differentialgleichung.
650 07 - SUBJECT ADDED ENTRY--TOPICAL TERM
Topical Term Numerisches Verfahren.
700 1# - ADDED ENTRY--PERSONAL NAME
Personal name Emmrich, Etienne.
700 1# - ADDED ENTRY--PERSONAL NAME
Personal name Wittbold, Petra.
710 2# - ADDED ENTRY--CORPORATE NAME
Corporate name or jurisdiction name as entry element Technische Universität Berlin.
856 41 - ELECTRONIC LOCATION AND ACCESS
Uniform Resource Identifier http://bvbr.bib-bvb.de:8991/F?func=service&doc_library=BVB01&doc_number=017754000&line_number=0001&func_code=DB_RECORDS&service_type=MEDIA
856 42 - ELECTRONIC LOCATION AND ACCESS
Uniform Resource Identifier http://deposit.d-nb.de/cgi-bin/dokserv?id=3194526&prov=M&dok_var=1&dok_ext=htm
856 41 - ELECTRONIC LOCATION AND ACCESS
Uniform Resource Identifier http://d-nb.info/991724496/04
856 4# - ELECTRONIC LOCATION AND ACCESS
Uniform Resource Identifier http://www.reference-global.com/isbn/978-3-11-021210-5
856 4# - ELECTRONIC LOCATION AND ACCESS
Uniform Resource Identifier http://deposit.d-nb.de/cgi-bin/dokserv?id=3194526&prov=M&dok%5Fvar=1&dok%5Fext=htm
942 ## - ADDED ENTRY ELEMENTS (KOHA)
Koha item type សៀវភៅភាសាអង់គ្លេស
952 ## - LOCATION AND ITEM INFORMATION (KOHA)
Withdrawn status [LOCAL, KOHA] 0
Holdings
Permanent Location Date acquired Koha item type Lost status Shelving location Barcode Current Location Full call number
Library Block A2017-12-20សៀវភៅភាសាអង់គ្លេស A081A14310Library Block A515 WAL 2009 A081 Or.
មជ្ឈមណ្ឌលឯការនៃសាកលវិទ្យាល័យភូមិន្ទកសិកម្មចំការដូង

Powered by Koha